000 00710nam a2200229 i 4500
003 DO-SdBNP
005 20250224100846.0
007 ta
008 250224b19-- dr a|||| |||| 00| 0 spa d
040 _aDO-SdBNP
_bspa
_cBNPHU
_erda
082 _axxx
_bP227c
_222
100 _aParedes, Heriberto A.,
_eautor
_4aut.
_987030
245 1 0 _aCómo sufre el corazón! /
_cHeriberto A. Paredes
264 1 _aSanto Domingo :
_bArtes Antillas,
_cfecha no identificada,
300 _a39 páginas :
_bilustraciones ;
_c20 cm.
336 _atexto
_btxt
_2rdacontent
337 _asin mediación
_bn
_2rdamedia
338 _avolumen
_bnc
_2rdacarrier
590 _aInventariado, 2025/BT
910 _aBtavárez
942 _2ddc
_cLF2
999 _c58195
_d58195